Top score Teacher's book 2
Kaydedildi:
| Yazar: | |
|---|---|
| Materyal Türü: | Kitap |
| Dil: | English |
| Baskı/Yayın Bilgisi: |
Oxford
Oxford University Press
2007
|
| Konular: | |
| Etiketler: |
Etiketle
Etiket eklenmemiş, İlk siz ekleyin!
|
| Thư viện lưu trữ: | Trung tâm Học liệu Lê Vũ Hùng, Trường Đại học Đồng Tháp |
|---|
| LEADER | 01311pam a22002778a 4500 | ||
|---|---|---|---|
| 001 | 00030489 | ||
| 005 | 20171026081025.0 | ||
| 008 | 130402s2007 ||||||engsd | ||
| 020 | # | # | |a 9780194129060 |
| 041 | 0 | # | |a eng |
| 082 | 1 | 4 | |a 428 |b T434SC |
| 100 | 1 | # | |a Dignen, Sheila |
| 245 | 1 | 0 | |a Top score |b Teacher's book 2 |c Sheila Dignen, Vivienne Swaine |
| 260 | # | # | |a Oxford |b Oxford University Press |c 2007 |
| 300 | # | # | |c 27 cm. |a 152 p. |b ill. |
| 653 | # | # | |a Sách giáo viên |
| 653 | # | # | |a Tiếng Anh |
| 653 | # | # | |a Top Score |
| 852 | # | # | |b Kho giáo trình |j KGT.0037123, KGT.0037124, KGT.0037125, KGT.0037126, KGT.0037127, KGT.0037128, KGT.0037129, KGT.0037130, KGT.0037131, KGT.0037132, KGT.0037133, KGT.0037134, KGT.0037135, KGT.0037136, KGT.0037137, KGT.0037138, KGT.0037139, KGT.0037140, KGT.0037141, KGT.0037142 |
| 852 | # | # | |b Kho mượn |j KGT.0037123 |
| 852 | # | # | |b Kho đọc |j KD.0014488 |
| 852 | # | # | |j KGT.0037134 |j KGT.0037135 |j KGT.0037139 |j KGT.0037138 |j KD.0014488 |j KGT.0037126 |j KGT.0037127 |j KGT.0037128 |j KGT.0037130 |j KGT.0037131 |j KGT.0037123 |j KGT.0037124 |j KGT.0037132 |j KGT.0037142 |j KGT.0037125 |j KGT.0037129 |j KGT.0037133 |j KGT.0037137 |j KGT.0037140 |j KGT.0037141 |
| 910 | |d 02/04/2013 | ||
| 980 | # | # | |a Trung tâm Học liệu Lê Vũ Hùng, Trường Đại học Đồng Tháp |


